| 000 | 00430cam a2200169ua 4500 | ||
|---|---|---|---|
| 020 | _cRs.12.60 | ||
| 041 |
_aeng _h |
||
| 082 |
_a370.1 _bRUS/ED |
||
| 100 | _aRussel, Bertrnad . | ||
| 245 |
_aEducation and the social order / _cRussel. _hTextual Documents |
||
| 260 |
_aLondon : _bGeorge Allen & Unwin Ltd , _c1961. |
||
| 300 | _a232 ; . | ||
| 365 | _aRs.12.60 | ||
| 504 | _a | ||
| 942 | _cBK | ||
| 999 |
_c12462 _d12462 |
||